[Event "FIDE World Cup 2019"]
[Site "Khanty-Mansiysk RUS"]
[Date "2019.09.17"]
[Round "6"]
[White "Andreikin, Dmitry"]
[Black "Duda, Jan-Krzysztof"]
[Result "1/2-1/2"]
[WhiteElo "2741"]
[BlackElo "2730"]
[PlyCount "82"]
[EventDate "2019.09.10"]

1. d4 d5 2. c4 c6 3. Nf3 Nf6 4. e3 e6 5. Nbd2 b6 6. Bd3 Bb7 7. O-O Be7 8. e4
dxe4 9. Nxe4 Nbd7 10. Bf4 Nxe4 11. Bxe4 Nf6 12. Bc2 O-O 13. Qe2 c5 14. Rad1
cxd4 15. Be5 Nd7 16. Bxd4 Qc7 17. Ne5 Nxe5 18. Bxe5 Qc6 19. Qg4 g6 20. Rd3 Qe4
21. Qxe4 Bxe4 22. Rd7 Bxc2 23. Rxe7 f6 24. Bc3 e5 25. f4 Bd3 26. Rf3 Bxc4 27.
fxe5 fxe5 28. b3 Rxf3 29. gxf3 Bf7 30. Rc7 a5 31. Bxe5 a4 32. bxa4 Bxa2 33.
Rg7+ Kf8 34. Rxh7 Rxa4 35. Rb7 Ra6 36. Kf2 Bd5 37. Rd7 Be6 38. Bd6+ Kg8 39. Re7
Bd5 40. Re5 Ra2+ 41. Re2 Rxe2+ 1/2-1/2

[Event "FIDE World Cup 2019"]
[Site "Khanty-Mansiysk RUS"]
[Date "2019.09.17"]
[Round "6"]
[White "Harikrishna, Pentala"]
[Black "Alekseenko, Kirill"]
[Result "0-1"]
[WhiteElo "2746"]
[BlackElo "2671"]
[PlyCount "104"]
[EventDate "2019.09.10"]

1. e4 e5 2. Nf3 Nc6 3. Bb5 a6 4. Ba4 Nf6 5. O-O Be7 6. d3 b5 7. Bb3 d6 8. a4
Bd7 9. c3 Na5 10. Bc2 c5 11. d4 Qb8 12. Bg5 h6 13. Bh4 Be6 14. Nbd2 O-O 15. h3
cxd4 16. cxd4 Qb6 17. b4 Nc4 18. d5 Bd7 19. Nxc4 bxc4 20. Rb1 a5 21. b5 Rac8
22. Re1 c3 23. Qd3 Rc7 24. Red1 Bd8 25. Bg3 Nh5 26. Nxe5 dxe5 27. Bxe5 Rc8 28.
d6 Qc5 29. Bd4 Qxd6 30. b6 Bc6 31. b7 Rb8 32. e5 Qg6 33. Qxg6 fxg6 34. Bc5 Bc7
35. Bxf8 Kxf8 36. Rd4 Bxe5 37. Rc4 Bxb7 38. Rc5 Bd6 39. Rcb5 Bb4 40. Bxg6 Nf6
41. Rd1 Ke7 42. Re5+ Kf8 43. Rb5 Ne8 44. Bc2 Nd6 45. Rxb4 axb4 46. Rxd6 Ba8 47.
Bb3 Be4 48. Rd4 Bg6 49. a5 c2 50. Rf4+ Ke7 51. Rc4 Bd3 52. Rc6 Be4 0-1

[Event "World Cup Knockout ((tie-break)) 2019"]
[Site "Khanty-Mansiysk RUS"]
[Date "2019.09.18"]
[Round "3"]
[White "Ding, Liren"]
[Black "Firouzja, Alireza"]
[Result "1-0"]
[WhiteElo "2811"]
[BlackElo "2702"]
[PlyCount "133"]
[EventDate "2019.09.10"]

1. Nf3 d5 2. d4 Nf6 3. c4 e6 4. Nc3 Be7 5. Bf4 O-O 6. e3 Nbd7 7. Be2 dxc4 8.
O-O c5 9. dxc5 Nxc5 10. Bxc4 Qxd1 11. Rfxd1 b6 12. Bd6 Bxd6 13. Rxd6 Bb7 14.
Rad1 Bxf3 15. gxf3 Rfc8 16. Be2 g5 17. R6d4 Kf8 18. f4 gxf4 19. Rxf4 Ke7 20.
Bf3 Rg8+ 21. Kf1 Rad8 22. Rfd4 Rxd4 23. Rxd4 Ncd7 24. h3 Rc8 25. Ke2 Rc5 26.
Rb4 Ne5 27. Rb5 Nxf3 28. Kxf3 Nd7 29. Ke2 a5 30. f4 f5 31. Kd3 Rc6 32. e4 Nc5+
33. Ke3 fxe4 34. Nxe4 Nxe4 35. Kxe4 Kf6 36. Kf3 Rd6 37. Kg4 Rc6 38. h4 Rd6 39.
b3 Kg6 40. a4 Kf6 41. Kf3 Rc6 42. Ke4 Rd6 43. Rh5 Kg6 44. Rg5+ Kf6 45. Rb5 Rc6
46. f5 exf5+ 47. Rxf5+ Kg6 48. h5+ Kh6 49. Kd4 Kg7 50. Rg5+ Kh6 51. Rd5 Kg7 52.
Rd7+ Kh6 53. Rb7 Rf6 54. Kc4 Rf4+ 55. Kb5 Kxh5 56. Rxh7+ Kg5 57. Rb7 Rb4+ 58.
Ka6 Rxb3 59. Rxb6 Rd3 60. Kxa5 Kf5 61. Ka6 Ke5 62. a5 Rd7 63. Rc6 Kd5 64. Kb6
Rd8 65. a6 Rb8+ 66. Kc7 Ra8 67. Kb7 1-0

[Event "World Cup Knockout ((tie-break)) 2019"]
[Site "Khanty-Mansiysk RUS"]
[Date "2019.09.18"]
[Round "3"]
[White "Xiong, Jeffery"]
[Black "Giri, Anish"]
[Result "1/2-1/2"]
[WhiteElo "2707"]
[BlackElo "2780"]
[PlyCount "153"]
[EventDate "2019.09.10"]

1. c4 Nf6 2. Nc3 e5 3. Nf3 Nc6 4. a3 d5 5. cxd5 Nxd5 6. Qc2 Nxc3 7. dxc3 Bd6 8.
e4 O-O 9. Bc4 Qe8 10. Be3 Be6 11. Nd2 Bxc4 12. Nxc4 Qe6 13. Qe2 Be7 14. O-O f6
15. a4 Nd8 16. Rfd1 Nf7 17. Na5 b6 18. Qc4 Qxc4 19. Nxc4 Rfd8 20. Kf1 Rxd1+ 21.
Rxd1 Rd8 22. Ra1 a6 23. Ke2 Kf8 24. b4 Ke8 25. f3 Kd7 26. Bf2 Nd6 27. Ne3 Bf8
28. Kd3 Kc8 29. Kc2 Kb7 30. Rd1 Nf7 31. Nd5 Ng5 32. Rb1 Ne6 33. h4 b5 34. Ra1
c6 35. Ne3 h5 36. axb5 axb5 37. g4 hxg4 38. fxg4 Ra8 39. Rxa8 Kxa8 40. Nf5 Kb7
41. h5 Kc7 42. Bc5 Nxc5 43. bxc5 Kd7 44. Kb3 Ke6 45. Kb4 Kf7 46. Nh4 Be7 47.
Nf3 Ke6 48. Nd2 Bd8 49. Nf1 Be7 50. Ne3 Bf8 51. c4 bxc4 52. Nxc4 Be7 53. Nd2
Kd7 54. Nf3 Ke6 55. Nh4 Kf7 56. Ng6 Bd8 57. Nh4 Be7 58. Kc4 Ke6 59. Nf5 Bf8 60.
Ng3 Be7 61. Ne2 Kd7 62. Nc1 Ke6 63. Nd3 Bd8 64. Kb4 Bc7 65. Kc3 Bd8 66. Kd2 Be7
67. Ke3 Bf8 68. Kd2 Be7 69. Kc3 Bd8 70. Kb4 Bc7 71. Nb2 Bd8 72. Nc4 Be7 73. Ne3
Bf8 74. Nf5 Kf7 75. Nh4 Be7 76. Nf3 Ke6 77. Nh4 1/2-1/2

[Event "World Cup Knockout ((tie-break)) 2019"]
[Site "Khanty-Mansiysk RUS"]
[Date "2019.09.18"]
[Round "3"]
[White "Jakovenko, Dmitry"]
[Black "Vachier-Lagrave, Maxime"]
[Result "1-0"]
[WhiteElo "2681"]
[BlackElo "2774"]
[PlyCount "91"]
[EventDate "2019.09.10"]

1. Nf3 c5 2. c4 Nf6 3. Nc3 d5 4. cxd5 Nxd5 5. d4 Nxc3 6. bxc3 g6 7. e3 Bg7 8.
Bb5+ Bd7 9. Bd3 O-O 10. O-O Nc6 11. Rb1 b6 12. d5 Na5 13. c4 e6 14. e4 exd5 15.
cxd5 Re8 16. Re1 c4 17. Bc2 Qc7 18. d6 Qc5 19. Be3 Qh5 20. Bd4 Bxd4 21. Qxd4
Rac8 22. Qc3 Rc5 23. e5 Nc6 24. Ba4 Rd8 25. Bxc6 Rxc6 26. Nd4 Rc5 27. e6 fxe6
28. Nxe6 Bxe6 29. Rxe6 Qf5 30. Rbe1 Rf8 31. Re8 Qxf2+ 32. Kh1 Rd5 33. Rxf8+
Qxf8 34. Qxc4 Qf7 35. Qc7 Qe6 36. Qd8+ Kf7 37. Rf1+ Rf5 38. Qc7+ Kg8 39. Rd1
Qe2 40. Qc1 Rg5 41. Qc8+ Kg7 42. Qb7+ Kf8 43. Rg1 Qd2 44. Qe7+ Kg8 45. d7 Rd5
46. Rf1 1-0

[Event "World Cup Knockout ((tie-break)) 2019"]
[Site "Khanty-Mansiysk RUS"]
[Date "2019.09.18"]
[Round "3"]
[White "Tomashevsky, Evgeny"]
[Black "Nepomniachtchi, Ian"]
[Result "1/2-1/2"]
[WhiteElo "2718"]
[BlackElo "2776"]
[PlyCount "76"]
[EventDate "2019.09.10"]

1. d4 Nf6 2. c4 g6 3. Nf3 Bg7 4. g3 c6 5. Bg2 d5 6. Qb3 O-O 7. O-O Qb6 8. Nc3
Rd8 9. Bd2 dxc4 10. Qxc4 Be6 11. Qa4 Bf5 12. Rfe1 Ne4 13. Nxe4 Bxe4 14. Ba5 Qa6
15. Qa3 Re8 16. Bf1 c5 17. Nd2 Nc6 18. Nxe4 Qxa5 19. Qxa5 Nxa5 20. dxc5 Bxb2
21. Rab1 Be5 22. f4 Bc7 23. e3 Red8 24. g4 Kg7 25. Kf2 h6 26. h4 Rd5 27. Red1
Rad8 28. Rxd5 Rxd5 29. Rc1 f5 30. gxf5 gxf5 31. Ng3 e6 32. Ke2 Bd8 33. Bg2 Rd7
34. h5 Be7 35. e4 Bh4 36. Rc3 Nc6 37. exf5 Nd4+ 38. Kf1 Nxf5 1/2-1/2

[Event "World Cup Knockout ((tie-break)) 2019"]
[Site "Khanty-Mansiysk RUS"]
[Date "2019.09.18"]
[Round "3"]
[White "Wang, Hao"]
[Black "Dominguez Perez, Leinier"]
[Result "1-0"]
[WhiteElo "2726"]
[BlackElo "2763"]
[PlyCount "97"]
[EventDate "2019.09.10"]

1. c4 Nf6 2. Nc3 e5 3. Nf3 Nc6 4. e3 Bb4 5. Qc2 Bxc3 6. Qxc3 Qe7 7. d4 e4 8.
Ng1 d5 9. h3 O-O 10. Bd2 a5 11. a3 Be6 12. Rc1 Qd7 13. c5 Ne7 14. Ne2 Qe8 15.
Qb3 Ra7 16. a4 Qd8 17. Nc3 Re8 18. Be2 h6 19. Kd1 Nd7 20. Nb5 Ra8 21. Kc2 Nf5
22. Kb1 c6 23. g4 cxb5 24. gxf5 bxa4 25. Qxb7 Rb8 26. Qa6 a3 27. Rc2 Bxf5 28.
c6 Ra8 29. c7 Qc8 30. Qxc8 Rexc8 31. bxa3 Nb6 32. Rc6 Nc4 33. Bxc4 dxc4 34. d5
Kf8 35. d6 Ke8 36. Bc3 Kd7 37. Rb6 g6 38. h4 h5 39. Be5 a4 40. Kc2 Ra5 41. Bf4
Raa8 42. Kc3 Be6 43. Rhb1 Re8 44. Rb8 Bd5 45. Kd4 Bc6 46. Kxc4 g5 47. Bxg5 Kxd6
48. Rd1+ Ke6 49. Rdd8 1-0

[Event "World Cup Knockout ((tie-break)) 2019"]
[Site "Khanty-Mansiysk RUS"]
[Date "2019.09.18"]
[Round "3"]
[White "Artemiev, Vladislav"]
[Black "Le, Quang Liem"]
[Result "1/2-1/2"]
[WhiteElo "2746"]
[BlackElo "2708"]
[PlyCount "66"]
[EventDate "2019.09.10"]

1. d4 d5 2. Bg5 Nf6 3. Nd2 c5 4. e3 Nc6 5. c3 e6 6. Ngf3 Be7 7. Bd3 b6 8. O-O
Bb7 9. a4 O-O 10. Ne5 Nxe5 11. dxe5 Ne4 12. Bxe7 Qxe7 13. Bxe4 dxe4 14. Qg4 Qc7
15. Nc4 Ba6 16. Qxe4 Bxc4 17. Qxc4 Qxe5 18. Rfd1 Rad8 19. h3 g6 20. Rd3 Qh5 21.
Kf1 Rxd3 22. Qxd3 Qh4 23. Ke1 Rd8 24. Qc2 Qg5 25. Qe4 Kg7 26. h4 Qf6 27. Qf4
Qxf4 28. exf4 Kf6 29. Ke2 Kf5 30. g3 h5 31. b3 a6 32. f3 e5 33. fxe5 Kxe5
1/2-1/2

[Event "World Cup Knockout ((tie-break)) 2019"]
[Site "Khanty-Mansiysk RUS"]
[Date "2019.09.18"]
[Round "3"]
[White "Yu, Yangyi"]
[Black "Wei, Yi"]
[Result "1/2-1/2"]
[WhiteElo "2763"]
[BlackElo "2721"]
[PlyCount "65"]
[EventDate "2019.09.10"]

1. e4 c5 2. Nf3 d6 3. d4 cxd4 4. Nxd4 Nf6 5. Nc3 a6 6. f4 Qc7 7. f5 g6 8. g4 d5
9. Nxd5 Nxd5 10. exd5 Qa5+ 11. Qd2 Qxd5 12. Bg2 Qe5+ 13. Qe3 Bg7 14. Qxe5 Bxe5
15. Be3 gxf5 16. gxf5 Rg8 17. Bf3 Bxd4 18. Bxd4 Nc6 19. Bxc6+ bxc6 20. f6 Rg2
21. O-O-O Bf5 22. Rd2 Rxd2 23. Kxd2 O-O-O 24. Kc3 exf6 25. Bxf6 Rd5 26. b4 a5
27. a3 axb4+ 28. axb4 Rd6 29. Be5 Re6 30. Re1 f6 31. Bg3 Rxe1 32. Bxe1 Be4 33.
Bg3 1/2-1/2

[Event "World Cup Knockout ((tie-break)) 2019"]
[Site "Khanty-Mansiysk RUS"]
[Date "2019.09.18"]
[Round "3"]
[White "Nisipeanu, Liviu-Dieter"]
[Black "Svidler, Peter"]
[Result "1/2-1/2"]
[WhiteElo "2656"]
[BlackElo "2729"]
[PlyCount "70"]
[EventDate "2019.09.10"]

1. Nf3 Nf6 2. c4 g6 3. Nc3 d5 4. cxd5 Nxd5 5. e4 Nxc3 6. dxc3 Qxd1+ 7. Kxd1 Nd7
8. Bf4 c6 9. Kc2 f6 10. Be3 e5 11. Nd2 Bc5 12. Bxc5 Nxc5 13. b4 Ne6 14. Nb3 Ke7
15. h4 b6 16. a4 Nc7 17. a5 Be6 18. h5 g5 19. Be2 Rhd8 20. Rhd1 Rxd1 21. Rxd1
h6 22. Ra1 f5 23. axb6 axb6 24. Rxa8 Nxa8 25. exf5 Bxf5+ 26. Kb2 Nc7 27. Nd2
Nd5 28. g3 g4 29. Nc4 Ke6 30. Kb3 b5 31. Na5 Kd7 32. c4 bxc4+ 33. Nxc4 Ke6 34.
Na5 Kd7 35. Nc4 Ke6 1/2-1/2

[Event "World Cup Knockout ((tie-break)) 2019"]
[Site "Khanty-Mansiysk RUS"]
[Date "2019.09.18"]
[Round "3"]
[White "Firouzja, Alireza"]
[Black "Ding, Liren"]
[Result "0-1"]
[WhiteElo "2702"]
[BlackElo "2811"]
[PlyCount "68"]
[EventDate "2019.09.10"]

1. Nf3 d5 2. e3 Nf6 3. c4 e6 4. Nc3 b6 5. Qa4+ c6 6. Be2 Bd6 7. d3 O-O 8. e4
dxe4 9. dxe4 Qc7 10. c5 bxc5 11. O-O Nbd7 12. g3 Ne5 13. Nd2 Be7 14. f4 Ned7
15. g4 Rd8 16. g5 Ne8 17. h4 a5 18. e5 g6 19. Nde4 Ng7 20. Nf6+ Bxf6 21. gxf6
Nf5 22. h5 c4 23. hxg6 hxg6 24. Qc2 Qb6+ 25. Rf2 Nc5 26. Bxc4 Ba6 27. Bxa6 Rxa6
28. Kg2 Nd3 29. Rf1 Ra7 30. Ne4 Rad7 31. Qe2 Rd4 32. Bd2 Qxb2 33. Rab1 Rxe4 34.
Qxd3 Qxd2+ 0-1

[Event "World Cup Knockout ((tie-break)) 2019"]
[Site "Khanty-Mansiysk RUS"]
[Date "2019.09.18"]
[Round "3"]
[White "Giri, Anish"]
[Black "Xiong, Jeffery"]
[Result "1/2-1/2"]
[WhiteElo "2780"]
[BlackElo "2707"]
[PlyCount "131"]
[EventDate "2019.09.10"]

1. Nf3 Nf6 2. c4 c5 3. Nc3 e6 4. g3 b6 5. Bg2 Bb7 6. O-O Be7 7. Re1 Ne4 8. Nxe4
Bxe4 9. d3 Bb7 10. e4 Nc6 11. d4 cxd4 12. Nxd4 Nxd4 13. Qxd4 O-O 14. Be3 Qc7
15. Rac1 Qc6 16. Qd2 f5 17. Bd4 f4 18. gxf4 Bd6 19. f5 Rxf5 20. b4 Rh5 21. h3
Rf8 22. Red1 Rxh3 23. Bxg7 Rh2 24. Qg5 Rf5 25. Qg4 Kf7 26. Bb2 Bf4 27. b5 Qc7
28. Qg7+ Ke8 29. Bf6 Rxg2+ 30. Kxg2 Bxe4+ 31. Kf1 Bd6 32. Bh4 Bf8 33. Qg3 Qxg3
34. Bxg3 Bf3 35. Rd4 Be7 36. Ke1 Bb4+ 37. Kf1 Be7 38. Ke1 Rh5 39. Kd2 Bf6 40.
Rd3 Bg5+ 41. Re3 Kd8 42. Bd6 Rh1 43. Rxh1 Bxe3+ 44. Kxe3 Bxh1 45. Kd4 Bf3 46.
Kc3 h5 47. a4 h4 48. Kb4 h3 49. a5 Ke8 50. axb6 axb6 51. c5 Kf7 52. cxb6 Kf6
53. Bg3 e5 54. Kc3 Ke6 55. Kd3 Bb7 56. f4 exf4 57. Bxf4 Kd5 58. Bh2 Kc5 59.
Bg1+ Kxb5 60. Ke2 d5 61. Kf2 d4 62. Kg3 d3 63. Be3 Bc8 64. b7 Bxb7 65. Kxh3 d2
66. Bxd2 1/2-1/2

[Event "World Cup Knockout ((tie-break)) 2019"]
[Site "Khanty-Mansiysk RUS"]
[Date "2019.09.18"]
[Round "3"]
[White "Vachier-Lagrave, Maxime"]
[Black "Jakovenko, Dmitry"]
[Result "1-0"]
[WhiteElo "2774"]
[BlackElo "2681"]
[PlyCount "91"]
[EventDate "2019.09.10"]

1. e4 e5 2. Nf3 Nc6 3. Bc4 Bc5 4. c3 Nf6 5. d3 O-O 6. O-O d5 7. exd5 Nxd5 8.
Re1 Bg4 9. Nbd2 Nb6 10. h3 Bh5 11. Bb3 Qxd3 12. Nxe5 Qf5 13. Nef3 Rad8 14. Qe2
Nd5 15. Qe4 Qxe4 16. Nxe4 Bb6 17. Bg5 f6 18. Rad1 Bf7 19. Bc1 Nde7 20. Bc2 Rxd1
21. Rxd1 Rd8 22. Re1 Ng6 23. b3 Nge5 24. Nxe5 Nxe5 25. Bf4 Bg6 26. Bxe5 fxe5
27. Re2 Bxe4 28. Bxe4 c6 29. g3 g6 30. b4 Kf7 31. a4 a6 32. Kg2 Rd7 33. Rb2 Bd8
34. h4 Rc7 35. c4 Ke6 36. b5 cxb5 37. cxb5 Rd7 38. b6 a5 39. Rb5 Rd6 40. Rxa5
Rxb6 41. Ra7 Rb2 42. a5 Kf6 43. Bxb7 Bxa5 44. Bd5 Rxf2+ 45. Kg1 e4 46. Ra6+ 1-0

[Event "World Cup Knockout ((tie-break)) 2019"]
[Site "Khanty-Mansiysk RUS"]
[Date "2019.09.18"]
[Round "3"]
[White "Nepomniachtchi, Ian"]
[Black "Tomashevsky, Evgeny"]
[Result "1/2-1/2"]
[WhiteElo "2776"]
[BlackElo "2718"]
[PlyCount "60"]
[EventDate "2019.09.10"]

1. e4 e5 2. Nf3 Nc6 3. Nc3 Nf6 4. Bb5 Bd6 5. O-O O-O 6. d3 a6 7. Ba4 h6 8. a3
Re8 9. h3 Bf8 10. Be3 d6 11. Bb3 Be6 12. Bxe6 Rxe6 13. Nd5 Nb8 14. c4 Nbd7 15.
b4 c6 16. Nc3 Re8 17. Qb3 Be7 18. Rad1 Qc7 19. Rfe1 a5 20. d4 axb4 21. axb4
exd4 22. Nxd4 Bf8 23. Bf4 Ne5 24. Nf5 Kh7 25. Bh2 g6 26. Ne3 Qe7 27. f4 Ned7
28. f5 d5 29. c5 Nxe4 30. fxg6+ fxg6 1/2-1/2

[Event "World Cup Knockout ((tie-break)) 2019"]
[Site "Khanty-Mansiysk RUS"]
[Date "2019.09.18"]
[Round "3"]
[White "Dominguez Perez, Leinier"]
[Black "Wang, Hao"]
[Result "1-0"]
[WhiteElo "2763"]
[BlackElo "2726"]
[PlyCount "153"]
[EventDate "2019.09.10"]

1. e4 e5 2. Nf3 Nf6 3. Nxe5 d6 4. Nf3 Nxe4 5. d4 d5 6. Bd3 Bd6 7. O-O O-O 8. c4
c6 9. Qc2 Na6 10. a3 Bg4 11. Ne5 Bf5 12. b4 c5 13. cxd5 cxd4 14. Bxe4 Rc8 15.
Nc6 Bxe4 16. Qxe4 bxc6 17. dxc6 Re8 18. Qf3 Qb6 19. Nd2 Rxc6 20. Nb3 Rc3 21.
Qd1 d3 22. Bd2 Rc2 23. g3 Bf8 24. Qf3 Rd8 25. Be3 Qg6 26. Nd4 Rc4 27. Rac1
Rcxd4 28. Bxd4 Rxd4 29. Rc6 Rd6 30. Rxd6 Qxd6 31. Rd1 d2 32. Qc3 Nc7 33. Rxd2
Qe7 34. Qd3 g6 35. Rd1 h5 36. h4 Qf6 37. Qc4 Ne6 38. Kg2 Qb2 39. Rd3 Qe2 40.
Rc3 Qb2 41. Rd3 Qe2 42. Rc3 Qb2 43. Rf3 Qe5 44. Re3 Qf5 45. Rd3 Qe5 46. Rd7 a6
47. Qd5 Qb8 48. Qf3 Qe8 49. Ra7 Be7 50. Rxa6 Kg7 51. Ra7 Bf6 52. Qa8 Nd8 53.
Qd5 Qe2 54. Rd7 Ne6 55. Qb7 Nd8 56. Qf3 Qb2 57. Qe3 Qb1 58. Qd3 Qa2 59. Rxd8
Bxd8 60. Qxd8 Qxa3 61. Qd4+ Kf8 62. b5 Qa8+ 63. Kg1 Ke7 64. b6 Qb7 65. Kf1 Qa6+
66. Ke1 Qb5 67. Kd2 Qa5+ 68. Kd3 Qa3+ 69. Kc4 Qa6+ 70. Kb4 Qb7 71. Kb5 Ke6 72.
Qc4+ Kd6 73. Qf4+ Ke6 74. Qc7 Qd5+ 75. Qc5 Qb3+ 76. Kc6 Qa4+ 77. Kc7 1-0

[Event "World Cup Knockout ((tie-break)) 2019"]
[Site "Khanty-Mansiysk RUS"]
[Date "2019.09.18"]
[Round "3"]
[White "Le, Quang Liem"]
[Black "Artemiev, Vladislav"]
[Result "1/2-1/2"]
[WhiteElo "2708"]
[BlackElo "2746"]
[PlyCount "64"]
[EventDate "2019.09.10"]

1. c4 e5 2. Nc3 Nf6 3. g3 Nc6 4. Bg2 g6 5. Nf3 Bg7 6. d4 exd4 7. Nxd4 O-O 8.
O-O Re8 9. Nc2 d6 10. b3 Bf5 11. Rb1 a5 12. Re1 Ne4 13. Nxe4 Bxe4 14. Bxe4 Rxe4
15. f3 Re6 16. e4 Nb4 17. a4 Nxc2 18. Qxc2 Qe7 19. Bd2 b6 20. Qd3 Re8 21. Re2
h5 22. h4 Qf6 23. Rbe1 Qd4+ 24. Qxd4 Bxd4+ 25. Be3 Bc3 26. Bd2 Bd4+ 27. Be3 Bc5
28. Kf1 f6 29. Bd2 Kf7 30. Bc3 f5 31. e5 dxe5 32. Rxe5 Bd6 1/2-1/2

[Event "World Cup Knockout ((tie-break)) 2019"]
[Site "Khanty-Mansiysk RUS"]
[Date "2019.09.18"]
[Round "3"]
[White "Wei, Yi"]
[Black "Yu, Yangyi"]
[Result "0-1"]
[WhiteElo "2721"]
[BlackElo "2763"]
[PlyCount "72"]
[EventDate "2019.09.10"]

1. d4 d5 2. c4 c6 3. Nf3 Nf6 4. Nc3 a6 5. e3 g6 6. Be2 Bg7 7. O-O O-O 8. a4 e6
9. b4 Ne4 10. Nxe4 dxe4 11. Nd2 f5 12. c5 Nd7 13. Nc4 Nf6 14. f3 Bd7 15. Nd6
exf3 16. Bxf3 Qc7 17. Qb3 Kh8 18. Bd2 g5 19. g3 Nd5 20. Bxd5 exd5 21. Qd3 Be6
22. Rf2 Rf6 23. Raf1 Raf8 24. Nxf5 Qd7 25. g4 h5 26. h3 Kg8 27. e4 dxe4 28.
Qxe4 Bxf5 29. gxf5 R6f7 30. Bc3 Bf6 31. Kh1 Re8 32. Qf3 g4 33. Rg2 Bg5 34. Qf2
Re3 35. Rg3 Qd5+ 36. Kg1 Rxf5 0-1

[Event "World Cup Knockout ((tie-break)) 2019"]
[Site "Khanty-Mansiysk RUS"]
[Date "2019.09.18"]
[Round "3"]
[White "Svidler, Peter"]
[Black "Nisipeanu, Liviu-Dieter"]
[Result "1-0"]
[WhiteElo "2729"]
[BlackElo "2656"]
[PlyCount "83"]
[EventDate "2019.09.10"]

1. e4 c6 2. d4 d5 3. e5 c5 4. dxc5 Nc6 5. Nf3 Bg4 6. c3 a6 7. Be3 Nxe5 8. Nbd2
Bxf3 9. Nxf3 Nxf3+ 10. Qxf3 e6 11. Bd3 Ne7 12. O-O Nc6 13. Qg3 g6 14. b4 Bg7
15. Rac1 O-O 16. Rfd1 Qe7 17. Bf1 Rad8 18. a3 Rd7 19. a4 Rc8 20. h3 d4 21. Bg5
Bf6 22. Bxf6 Qxf6 23. b5 axb5 24. axb5 Ne7 25. cxd4 Nf5 26. Qf3 Qg5 27. Rc4
Rcd8 28. c6 bxc6 29. bxc6 Rc7 30. d5 exd5 31. Rxd5 Rxd5 32. Qxd5 Qf6 33. g3 Qd6
34. Qe4 h5 35. h4 Re7 36. Qf3 Qe5 37. Bg2 Nd4 38. Qd1 Ne6 39. Rb4 Kg7 40. Rb7
Nc7 41. Qd8 Qf6 42. Kh2 1-0

[Event "World Cup Knockout ((tie-break)) 2019"]
[Site "Khanty-Mansiysk RUS"]
[Date "2019.09.18"]
[Round "3"]
[White "Xiong, Jeffery"]
[Black "Giri, Anish"]
[Result "1/2-1/2"]
[WhiteElo "2707"]
[BlackElo "2780"]
[PlyCount "99"]
[EventDate "2019.09.10"]

1. c4 Nf6 2. Nc3 e5 3. Nf3 Nc6 4. Qc2 g6 5. e3 Bg7 6. a3 O-O 7. h4 d6 8. Bd3
Bg4 9. Ng5 h6 10. Nge4 Nd7 11. f3 Be6 12. g4 f5 13. gxf5 gxf5 14. Ng3 Nc5 15.
Be2 f4 16. Nge4 Nxe4 17. Nxe4 a5 18. b3 Ne7 19. Bb2 Nf5 20. exf4 Nd4 21. Bxd4
exd4 22. O-O-O Rxf4 23. Ng3 d3 24. Bxd3 Qf6 25. Nh5 Qa1+ 26. Qb1 Qxa3+ 27. Kc2
Rf7 28. Rde1 Bd7 29. Nxg7 Rxg7 30. Rhg1 Rxg1 31. Rxg1+ Kf8 32. Bh7 Be6 33. Qe1
Re8 34. Qg3 Re7 35. Qf4+ Ke8 36. Bg6+ Kd7 37. Bf5 Qa2+ 38. Kc3 a4 39. Bxe6+
Rxe6 40. Qf7+ Kc6 41. Qxe6 Qxb3+ 42. Kd4 Qb6+ 43. Kd3 Qxg1 44. Qe8+ Kb6 45.
Qb5+ Ka7 46. Qxa4+ Kb6 47. Qb5+ Ka7 48. Qa4+ Kb6 49. Qb5+ Ka7 50. Qa4+ 1/2-1/2

[Event "World Cup Knockout ((tie-break)) 2019"]
[Site "Khanty-Mansiysk RUS"]
[Date "2019.09.18"]
[Round "3"]
[White "Jakovenko, Dmitry"]
[Black "Vachier-Lagrave, Maxime"]
[Result "1/2-1/2"]
[WhiteElo "2681"]
[BlackElo "2774"]
[PlyCount "35"]
[EventDate "2019.09.10"]

1. Nf3 Nf6 2. c4 c5 3. Nc3 d5 4. cxd5 Nxd5 5. e3 Nxc3 6. bxc3 g6 7. h4 Bg7 8.
h5 Nc6 9. Rb1 Qc7 10. d4 Bg4 11. Qb3 b6 12. Ng5 O-O 13. hxg6 hxg6 14. Bd3 Qd6
15. Ne4 Qc7 16. Ng5 Qd6 17. Ne4 Qc7 18. Ng5 1/2-1/2

[Event "World Cup Knockout ((tie-break)) 2019"]
[Site "Khanty-Mansiysk RUS"]
[Date "2019.09.18"]
[Round "3"]
[White "Nepomniachtchi, Ian"]
[Black "Tomashevsky, Evgeny"]
[Result "1-0"]
[WhiteElo "2776"]
[BlackElo "2718"]
[PlyCount "119"]
[EventDate "2019.09.10"]

1. e4 e5 2. Nf3 Nc6 3. Nc3 Nf6 4. Bb5 Bb4 5. O-O O-O 6. d3 Bxc3 7. bxc3 d6 8.
Bg5 Qe7 9. Re1 Nd8 10. d4 Ne6 11. Bc1 Rd8 12. Qe2 Nf8 13. Nh4 h6 14. a4 c5 15.
h3 cxd4 16. cxd4 exd4 17. Ba3 Qc7 18. Bd3 Bd7 19. Qd2 Rac8 20. Bb2 d5 21. exd5
Nxd5 22. Bxd4 Qf4 23. Qxf4 Nxf4 24. Bxa7 Nxd3 25. cxd3 Be6 26. d4 Nd7 27. d5
Bxd5 28. Nf5 Ra8 29. Bd4 Kh7 30. Re7 Nb8 31. Bb2 Nc6 32. Rc7 Rac8 33. Rxc8 Rxc8
34. Rd1 Bb3 35. Rd3 Bc4 36. Rg3 Rg8 37. Nxg7 Ne7 38. Re3 Nd5 39. Re4 b5 40. Nh5
Rg5 41. g4 f5 42. Rd4 fxg4 43. hxg4 Be2 44. Rxd5 Rxg4+ 45. Ng3 bxa4 46. Rd7+
Kg8 47. Kg2 h5 48. f3 Rg6 49. Kf2 Bb5 50. Ra7 Rc6 51. Be5 h4 52. Nf5 Rc2+ 53.
Ke3 h3 54. Nd4 Rc5 55. Rg7+ Kh8 56. Bf6 h2 57. Rg2+ Kh7 58. Rxh2+ Kg6 59. Nxb5
Kxf6 60. Nd4 1-0

[Event "World Cup Knockout ((tie-break)) 2019"]
[Site "Khanty-Mansiysk RUS"]
[Date "2019.09.18"]
[Round "3"]
[White "Wang, Hao"]
[Black "Dominguez Perez, Leinier"]
[Result "1-0"]
[WhiteElo "2726"]
[BlackElo "2763"]
[PlyCount "151"]
[EventDate "2019.09.10"]

1. c4 Nf6 2. Nc3 e5 3. Nf3 Nc6 4. e3 Bb4 5. Qc2 Bxc3 6. Qxc3 Qe7 7. d4 e4 8.
Ng1 d5 9. h3 O-O 10. Bd2 Qd8 11. cxd5 Nxd5 12. Qc2 Re8 13. a3 Bf5 14. Bc4 Nb6
15. Bb3 Be6 16. Ne2 Bxb3 17. Qxb3 Ne7 18. a4 Rb8 19. Ng3 Ng6 20. O-O Nd5 21. f3
exf3 22. Rxf3 Nf6 23. Raf1 Re6 24. Nf5 Qd5 25. Qxd5 Nxd5 26. Ng3 Nf6 27. e4
Nxe4 28. Nxe4 Rxe4 29. Rxf7 Re7 30. R7f5 Rd7 31. Bc3 Rf8 32. Rxf8+ Nxf8 33. Re1
Ng6 34. Kf2 Kf7 35. Kf3 c6 36. Rf1 Ke6 37. Ke4 Rd8 38. Bb4 Re8 39. Kd3 Rd8 40.
Kc4 Rd7 41. g3 Rd5 42. Bf8 Rd7 43. Bc5 b6 44. Re1+ Kf7 45. Ba3 Rd5 46. Re3 h5
47. b3 Rd7 48. Bb4 Rd5 49. Ba3 Rd7 50. Re4 Rd5 51. g4 hxg4 52. hxg4 Rd7 53. b4
Ne7 54. b5 cxb5+ 55. Kxb5 Nd5 56. Kc6 Rd8 57. Bd6 Nc3 58. Re7+ Kf6 59. Rxa7
Rc8+ 60. Kxb6 Rc4 61. Be5+ Ke6 62. a5 g5 63. Rg7 Nd5+ 64. Ka6 Ne7 65. Rxg5 Rb4
66. Rg7 Nc6 67. Rg6+ Kd7 68. Rd6+ Kc7 69. Rd5+ Kc8 70. Rb5 Ra4 71. Kb6 Ne7 72.
a6 Ra2 73. a7 Kd7 74. Kb7 Nc6 75. a8=Q Nd8+ 76. Qxd8+ 1-0

[Event "World Cup Knockout ((tie-break)) 2019"]
[Site "Khanty-Mansiysk RUS"]
[Date "2019.09.18"]
[Round "3"]
[White "Le, Quang Liem"]
[Black "Artemiev, Vladislav"]
[Result "1-0"]
[WhiteElo "2708"]
[BlackElo "2746"]
[PlyCount "101"]
[EventDate "2019.09.10"]

1. d4 d5 2. c4 dxc4 3. e4 Nc6 4. Nf3 Bg4 5. d5 Ne5 6. Bf4 Ng6 7. Be3 Nf6 8. Nc3
e5 9. Bxc4 a6 10. Be2 Bd6 11. O-O O-O 12. Nd2 Bxe2 13. Qxe2 Qd7 14. Rac1 b5 15.
f3 Nf4 16. Qd1 Rac8 17. Nb3 c6 18. g3 Ng6 19. dxc6 Rxc6 20. Kg2 h6 21. Qd3 Qe6
22. Nd5 Rfc8 23. Nxf6+ Qxf6 24. Rfd1 Rxc1 25. Nxc1 Be7 26. Ne2 b4 27. Rc1 Rd8
28. Qc4 Nf8 29. Qc6 Ne6 30. Kf2 Qg6 31. Qxa6 Qh5 32. h4 g5 33. Qb7 Bf8 34. Rc8
gxh4 35. g4 Rxc8 36. gxh5 Rc2 37. Qb5 Rxb2 38. Qxe5 Rxa2 39. f4 b3 40. Kf3 b2
41. Nc3 Ra3 42. Nb1 Rb3 43. Qd5 Nc5 44. Ke2 h3 45. Bxc5 h2 46. Qd8 Kh7 47. Qxf8
Rg3 48. Bd4 f6 49. Bxf6 Rg2+ 50. Kd3 Rg3+ 51. Kc4 1-0